| 000 -LEADER |
| fixed length control field |
00817nam a22002057a 4500 |
| 001 - CONTROL NUMBER |
| control field |
21629 |
| 003 - CONTROL NUMBER IDENTIFIER |
| control field |
BD-DhUAP |
| 005 - DATE AND TIME OF LATEST TRANSACTION |
| control field |
20220726185502.0 |
| 008 - FIXED-LENGTH DATA ELEMENTS--GENERAL INFORMATION |
| fixed length control field |
220726b২০১২ bg ||||| |||| 00| 0 ben d |
| 020 ## - INTERNATIONAL STANDARD BOOK NUMBER |
| International Standard Book Number |
9848431314 |
| 040 ## - CATALOGING SOURCE |
| Original cataloging agency |
BD-DhUAP |
| Language of cataloging |
Ben & Eng |
| Transcribing agency |
BD-DhUAP |
| Modifying agency |
BD-DhUAP |
| Description conventions |
BD-DhUAP |
| 082 ## - DEWEY DECIMAL CLASSIFICATION NUMBER |
| Edition number |
23 |
| Classification number |
345.06 HOS |
| 100 ## - MAIN ENTRY--PERSONAL NAME |
| Personal name |
হোসেন, লোকমান। |
| 245 ## - TITLE STATEMENT |
| Title |
এভিডেভিট লিখিবার পদ্ধতি : |
| Remainder of title |
(বাংলা ও ইংরেজি ড্রাফটিংসহ) / |
| Statement of responsibility, etc. |
লোকমান হোসেন। |
| 250 ## - EDITION STATEMENT |
| Edition statement |
২য় সংস্করন ; |
| 260 ## - PUBLICATION, DISTRIBUTION, ETC. |
| Place of publication, distribution, etc. |
ঢাকা : |
| Name of publisher, distributor, etc. |
কামরুল বুক হাউস, |
| Date of publication, distribution, etc. |
২০১২ । |
| 300 ## - PHYSICAL DESCRIPTION |
| Extent |
১০৪ পৃ. : |
| Dimensions |
২২ সেমি.। |
| 650 ## - SUBJECT ADDED ENTRY--TOPICAL TERM |
| Topical term or geographic name entry element |
আইন। |
| 942 ## - ADDED ENTRY ELEMENTS (KOHA) |
| Source of classification or shelving scheme |
|
| Koha item type |
Book |